00377 2200157 4500001002100000008004100021035002000062245001200082100001400094260002800108084001600136082001000152990001900162990001900181990001900200INLIS000000000000109 ind  a0010-0924000098 aREFRESH aTIM DRAKE aJakarta :bESENSIc2007 a153.8 TIM r a153.8 a100.2016.00228 a100.2016.00229 a100.2016.00230